LEADER 09882nam 22007215 450 001 9911035078703321 005 20260401080426.0 010 $a9783031803222 024 7 $a10.1007/978-3-031-80322-2 035 $a(CKB)41827012700041 035 $a(DE-He213)978-3-031-80322-2 035 $a(MiAaPQ)EBC32387892 035 $a(Au-PeEL)EBL32387892 035 $a(OCoLC)1561169931 035 $a(EXLCZ)9941827012700041 100 $a20251027d2025 u| 0 101 0 $aeng 135 $aur||||||||||| 181 $ctxt$2rdacontent 182 $cc$2rdamedia 183 $acr$2rdacarrier 200 14$aThe Palgrave Handbook of Decolonising the Educational and Language Sciences /$fedited by Sangeeta Bagga-Gupta 205 $a1st ed. 2025. 210 1$aCham :$cSpringer Nature Switzerland :$cImprint: Palgrave Macmillan,$d2025. 215 $a1 online resource (XXIII, 1086 p. 250 illus., 58 illus. in color.) 225 0 $aEducation Series 311 08$a9783031803215 327 $aImaginings and re-imaginings in doing multiversal science; Sangeeta Bagga-Gupta -- Part I: Historical gazing contributing to global-centric perspectives -- On finding a voice and decolonizing oneself. Practices of transnational adoption; Tobias Hübinette -- Claiming epistemic spaces through protests against the self. Making disobedience central to syllabi and classrooms; Sanjay Ranade -- Learning as enculturation: Universalism, particularism and ecologies of knowing; Roger Säljö -- Educational implications of language seen as multilinguality; Rama Kant Agnihotri -- Decolonizing and revoicing multilingual spaces in a nation-state. The case of minority languages in Poland; Justyna Olko, Tomasz Wicherkiewicz, Artur Jab?o?ski, Bartomiej Chromik -- Universal education and Muslims in 19th century North India. A decolonial perspective; Danish Iqbal & Imtiaz Hasnain -- Southernisms and indigenist perspectives. Multi-sited, multiversal and global-centric views of language colonialingualism and counter-framings; Chaka Chaka & Sibusiso Clifford Ndlangamandla -- Part II: Disrupting dominant epistemic practices and thinking -- Multilingual practices in Computer-Mediated Communication: language choices and equity in higher education; Sibusiso C. Ndlangamandla, Chaka Chaka -- Curiosity-driven netnographic research. Schools online languaging landscapes; Sangeeta Bagga-Gupta & Johan Bäcklund -- A process-oriented approach to qualitative case study research. A decolonial perspective; Mari Haneda -- Deconstructing the Ideology of Access. Multilingualism and Health Care in Argentina; Juan Eduardo Bonnin & Virginia Unamuno -- Countering the structures of non-knowledge in higher education in Denmark. Languages, knowledges and education from Latin American perspectives; Juan Carlos Finck Carrales & Julia Suárez-Krabbe -- Interrupting coloniality. (De)humaning digital technologies related to language education; Francesca Helm -- Towards decolonizing French language education. Examples from Scotland (UK) and British Columbia (Canada); Florence Bonacina-Pugh & Cécile Bullock -- Lets look at the bigger picture. Educational and Language Sciences in and on Africa or the problem of the 2000 languages; Bert van Pinxteren -- Part III: Interrupting colonialities through creative work and stances -- Multilingualism, multimodality and gamification. Pathways to democratizing educational spaces; Ulrike Zeshan -- Decolonizing Linguistic Landscapes. Paths to authoethnography as learning and teaching tools in the landscape; Stefania Tufi & Amiena Peck -- Att lära om ? en tredje position som bidrag till en alternativ kunskapsregim; Sangeeta Bagga-Gupta & Petra Weckström -- To relearn ? a third position as a contribution to an alternative knowledge regime; Sangeeta Bagga-Gupta & Petra Weckström -- Pluriversal literacies. Perspectives and practices for sustainable and anticolonial futures; Mia Perry & Lisa Bradley -- Finding a voice in academia when one?s experience is contrary to what one has learned. Intertwined personal narratives about social justice and meritocracy ideologies in a color-blind context; Isabelle Léglise & Suat Istanbullu -- Decolonizing the language of displayed art. Kara Walker?s Fons Americanus; Emilio Amideo -- From colonial legacies to decolonial futures. Explorations of coloniality through Oxbridge and Lagdan; Dami Folayan -- Premises and promises of diversity-sensitive education beyond boundaries. Attempts at decolonizing educational policies, research and practices; Barbara Gross & Giulia Messina Dahlberg -- Disrupting academic publishing: Peer review and negotiations of new genre systems; Arlene Archer & Anders Björkvall -- Part IV: Southern vocabularies for global-centric thinking -- Going back to basics. Complexifying literacy or snuttifying its communicative nature?; Sangeeta Bagga-Gupta -- Nuances of othering in the three-worlds model of geopolitics. On naturalized naming practices; Sambulo Ndlovu -- Linguistic duality versus multilingual realities. Decolonizing as a way forward?; Nikolay Slavkov -- Learning to unlearn colonial fear: Sumud as linguistic citizenship among Palestinian youth in Israel; Muzna Awayed-Bishara & Tommaso M. Milani -- Theorizing with the Global South. Southernizing English language teaching; Magdalena Madany-Saa -- Activist education, (in)securitization, and colonialism. Towards a situated perspective of unlearning; Daniel N. Silva -- Part V: Contributions to revised pedagogical models; Disrupting coloniality in Southern schooling. A decolonial lens on languaging in textbooks; Xolisa Guzula & Robyn Tyler -- ?Taking my language back? ? complex tensions and indigenous-based pedagogical approaches for language reclamation; Jane Juuso & Pia Lane -- Transforming normativities in the Nordic context. Languaging and participatory collaborative research in linguistically diverse schools; Heini Lehtonen -- Getting to know decoloniality through dialogue. Critical reflections from students and educators; Donnesh Dustin Hosseni, Aniela Ba?kowicz, Colette Mair, Nighet Riaz, Samuel Skipsey, Laura Tansley, & Michèle Vincent -- Decolonial (academic) multilogues. Towards scholarly engagement that transcends coloniality; Lars Almén, Gayatri Ahuja. 330 $a?When ?decolonizing? has become a fashionable buzzword in academia, paradoxically, I often feel stuck by the enduring totality of coloniality, which seems only further energized by such discourse. In this timespace, the PaDELS Handbook emerges as a breakthrough at the intersections of language and education, daring readers to reimagine, re/member, and re-engage with knowledge-making through global-centric and multiversal epistemic approaches.By curating multilogues among knowledge producers from diverse geopolitical and subjective locations?a rare and challenging achievement precisely because of the colonial politics of knowledge?the handbook disrupts the entrenched colonial order and circulates alternative Southern vocabularies. In doing so, it also serves as a powerful pedagogical tool, inviting and guiding readers, especially those in higher education, to reclaim language, knowledge, and education as diverse and liberatory practices capable of unsettling coloniality at its core.?? Jeong-eun Rhee, Professor in Education, College of Education, Information & Technology, Long Island University, USA This open access handbook contributes to decolonising the scholarship that lies at the intersections of the educational and language sciences. Contributors from across the planet interrogate issues related to mainstream western/northern hegemonies of knowledge production and institutional hierarchies and practices which continue to dominate the research landscape. Engaging with alternative, marginalised and/or Southern thinking, the scholarship presented here goes beyond calls for multidisciplinarity, and instead offers multiversal, ?undisciplinary? ways and waves of doing research ?otherwise?. The handbook will appeal to scholars and students working in and beyond the broad areas of education and language who are interested in discussions about Southern and decolonial perspectives, positionality and the politics of knowledge production. Sangeeta Bagga-Gupta is Professor Chair at the School of Education and Communication, Jönköping University, Sweden. During 2024-2027 she is also Visiting Professor at both the SeDyL Research Center (CNRS-IRD-INALCO), France, and at the Maulana Azad National Urdu University (MANUU), India. 606 $aLanguage and languages$xStudy and teaching 606 $aKnowledge, Theory of 606 $aImperialism 606 $aEducation 606 $aLanguage Education 606 $aLanguage Teaching and Learning 606 $aEpistemology 606 $aImperialism and Colonialism 606 $aEducation Science 606 $aEnsenyament de la llengua$2thub 606 $aComunicació intercultural$2thub 606 $aColonialisme$2thub 608 $aLlibres electrònics$2thub 615 0$aLanguage and languages$xStudy and teaching. 615 0$aKnowledge, Theory of. 615 0$aImperialism. 615 0$aEducation. 615 14$aLanguage Education. 615 24$aLanguage Teaching and Learning. 615 24$aEpistemology. 615 24$aImperialism and Colonialism. 615 24$aEducation Science. 615 7$aEnsenyament de la llengua 615 7$aComunicació intercultural 615 7$aColonialisme 676 $a418.0071 702 $aBagga-Gupta$b Sangeeta$4edt$4http://id.loc.gov/vocabulary/relators/edt 801 0$bMiAaPQ 801 1$bMiAaPQ 801 2$bMiAaPQ 906 $aBOOK 912 $a9911035078703321 996 $aThe Palgrave Handbook of Decolonising the Educational and Language Sciences$94450316 997 $aUNINA